Assessing impacts of land use and climate change on Soil and water resources in the srepok watershed,central highland of Vietnam. (Record no. 21351)

000 -LEADER
fixed length control field 00316nam a22000977a 4500
040 ## - CATALOGING SOURCE
Transcribing agency RUA
082 ## - DEWEY DECIMAL CLASSIFICATION NUMBER
Classification number SEA NGU 2016 C227 Or.
245 ## - TITLE STATEMENT
Title Assessing impacts of land use and climate change on Soil and water resources in the srepok watershed,central highland of Vietnam.
260 ## - PUBLICATION, DISTRIBUTION, ETC. (IMPRINT)
Place of publication phnom penh
Name of publisher rua
Year of publication 2016
942 ## - ADDED ENTRY ELEMENTS (KOHA)
Koha item type សៀវភៅភាសាអង់គ្លេស
952 ## - LOCATION AND ITEM INFORMATION (KOHA)
Withdrawn status [LOCAL, KOHA] 0
Holdings
Permanent Location Date acquired Koha item type Lost status Shelving location Barcode Current Location Full call number
Library Block C2023-05-17សៀវភៅភាសាអង់គ្លេស C227a071491Library Block CSEA NGU 2016 C227 Or.
មជ្ឈមណ្ឌលឯការនៃសាកលវិទ្យាល័យភូមិន្ទកសិកម្មចំការដូង

Powered by Koha